Tous les jeux Mario Wii - Statistiques

Statistiques générales
  • Ce quiz a été pris 155 fois
  • Le résultat moyen est 6 sur 15
Statistiques - réponses
Date sortie Nom % Correct
04/2008 Mario Kart Wii
89%
16/11/2007 Super Mario Galaxy
75%
06/2010 Super Mario Galaxy 2
71%
06/2007 Mario Party 8
68%
11/2009 New Super Mario Bros. Wii
67%
03/2012 Mario Party 9
64%
23/11/2007 Mario et Sonic aux Jeux Olympiques
48%
10/2009 Mario et Sonic aux Jeux Olympiques d'Hiver
32%
01/2011 Mario Sports Mix
30%
09/2007 Super Paper Mario
25%
05/2007 Mario Strikers Charged Football
22%
03/2009 Mario Power Tennis
20%
11/2011 Mario et Sonic aux Jeux Olympiques de Londres 2012
17%
12/2010 Super Mario All Stars
11%
08/2008 Mario Super Sluggers
8%
Aucun quiz correspondant
Distribution des résultats
% des personnes avec chaque résultat
Percentile par nombre de réponses
Votre historique - résultats
Vous n’avez pas pris ce quiz